| 000 | 00636 a2200169 4500 | ||
|---|---|---|---|
| 003 | Nust | ||
| 005 | 20221207155946.0 | ||
| 040 | _cNust | ||
| 082 | _a621.381528,GAR | ||
| 100 |
_aGartner,Wolfgang W _9104372 |
||
| 245 |
_aTransistors _bprinciples,design,and applications / _cWolfgang W Gartner, |
||
| 260 |
_aNew York _bD.Van nostrand company _c1960 |
||
| 300 | _a675p | ||
| 505 | _aPart 1: The transistors (Page-1), Part 2: Semiconductor physics (Page-15), Part 3:Transistor design,construction and characteristics (Page-99), Part 4: transistors applications (Page-337). | ||
| 650 | _aTelecommunication Engineering | ||
| 942 |
_2ddc _cBK |
||
| 999 |
_c213778 _d213778 |
||